CAPOCANNONIERI CHAPIONS LEAGUE - Statistics

Statistiche generali
  • Questo quiz è stato fatto 141 volte
  • Il punteggio medio è 3 su 15
Answers on the Grid
Answers color-coded by a green-red scale on the quiz's grid according to % correct below.
CRISTIANO RONALDO
KAKA
IBRAHIMOVIC
RONALDO NAZARIO
RAPHINHA
DEL PIERO
MARADONA
YAMAL
NEYMAR
BALE
MESSI
HAALAND
MBAPPE
INZAGHI
FALCAO
SHEVCHENKO
SUAREZ
AGUERO
ETO'O
BENZEMA
MORIENTES
LEWANDOWSKI
TEVEZ
HAZARD
GEORGE WEAH
HENRY
DROGBA
ROMARIO
VAN NISTELROOY
RONALDINHO
 
Statistiche sulle risposte
Risposta % Corretto
CRISTIANO RONALDO
96%
MESSI
57%
HAALAND
29%
LEWANDOWSKI
25%
BENZEMA
22%
MBAPPE
20%
RAPHINHA
14%
SHEVCHENKO
14%
KAKA
13%
DEL PIERO
10%
VAN NISTELROOY
7%
NEYMAR
6%
MORIENTES
4%
ROMARIO
1%
GEORGE WEAH
0%
Nessun quiz corrispondente trovato
Distribuzione punteggi
Percentuale di utenti per punteggio
Percentile per numero di risposta
I tuoi punteggi nel tempo
Non hai fatto questo quiz